000
00239nam a22001217a 4500
003
SGT
082
_a
004.6
_b
COM
100
_a
COMBER,ED
245
_a
COMPUTER NETWORKS AND INTERNET
250
_a
4TH
260
_a
PEARSON
942
_2
ddc
_c
CD
999
_c
24316
_d
24316